<?xml version="1.0" encoding="UTF-8"?>
<record
    xmlns:xsi="http://www.w3.org/2001/XMLSchema-instance"
    xsi:schemaLocation="http://www.loc.gov/MARC21/slim http://www.loc.gov/standards/marcxml/schema/MARC21slim.xsd"
    xmlns="http://www.loc.gov/MARC21/slim">

  <leader>00656nam a2200181 i 4500</leader>
  <controlfield tag="001">72954</controlfield>
  <controlfield tag="003">ES-MaACL</controlfield>
  <controlfield tag="005">20231214201620.0</controlfield>
  <controlfield tag="007">t|</controlfield>
  <controlfield tag="008">040903s1960    sp           ||||1| spa d</controlfield>
  <datafield tag="100" ind1="1" ind2=" ">
    <subfield code="a">G&#xF3;mez-Santos, Marino,</subfield>
    <subfield code="d">1930-2020</subfield>
    <subfield code="9">58158</subfield>
  </datafield>
  <datafield tag="245" ind1="1" ind2="0">
    <subfield code="a">Mundo aparte </subfield>
    <subfield code="b">: entrevistas con la Duquesa de Alba, Salvador Dal&#xED;, Antonio Rafael "El Gallo", Agust&#xED;n de Fox&#xE1; / </subfield>
    <subfield code="c">Marino G&#xF3;mez-Santos ; pr&#xF3;logo de Eugenio Montes.</subfield>
  </datafield>
  <datafield tag="260" ind1=" " ind2=" ">
    <subfield code="a">Madrid : </subfield>
    <subfield code="b">Aguilar, </subfield>
    <subfield code="c">1960.</subfield>
  </datafield>
  <datafield tag="300" ind1=" " ind2=" ">
    <subfield code="a">283 p. : </subfield>
    <subfield code="b">il. ; </subfield>
    <subfield code="c">21 cm.</subfield>
  </datafield>
  <datafield tag="700" ind1="1" ind2=" ">
    <subfield code="a">Montes, Eugenio,</subfield>
    <subfield code="d">1897-1982</subfield>
    <subfield code="9">227206</subfield>
  </datafield>
  <datafield tag="852" ind1=" " ind2=" ">
    <subfield code="a">ES-MaACL</subfield>
    <subfield code="j">C-18350 </subfield>
    <subfield code="b">R.46559</subfield>
  </datafield>
  <datafield tag="999" ind1=" " ind2=" ">
    <subfield code="c">72954</subfield>
    <subfield code="d">72954</subfield>
  </datafield>
  <datafield tag="952" ind1=" " ind2=" ">
    <subfield code="0">0</subfield>
    <subfield code="1">0</subfield>
    <subfield code="4">0</subfield>
    <subfield code="7">0</subfield>
    <subfield code="a">ATENEOM</subfield>
    <subfield code="b">ATENEOM</subfield>
    <subfield code="c">Galer&#xED;a</subfield>
    <subfield code="d">2008-01-17</subfield>
    <subfield code="e">SC</subfield>
    <subfield code="l">0</subfield>
    <subfield code="o">C-18350</subfield>
    <subfield code="p">1076370</subfield>
    <subfield code="r">2023-02-23 00:00:00</subfield>
    <subfield code="w">2023-02-23</subfield>
    <subfield code="y">MONOGRAFIA</subfield>
  </datafield>
</record>
